000 00451nam a2200181Ia 4500
003 GCL
008 140319s9999 xx 000 0 eng d
040 _aGCL /
_cGCL
082 0 4 _a909
_bC L
100 1 _aCOOK, CHRIS
245 1 0 _aTHE LONGMAN HANDBOOK OF WORLD HISTORY SINCE 1914 /
_cCOOK, CHRIS
700 1 _aSTEVENSOM,JOHN
260 _a[S.N] :
_bLONGMAN
300 _a539 P
650 0 4 _aHISTORY
650 0 4 _aWORLD HISTORY
942 _2ddc
_cBK
999 _c19177
_d19177